Asia and Pacific Small States : Raising Potential Growth and Enhancing Resilience to Shocks.

The small states of the Asia and Pacific region face unique challenges in raising their growth potential and living standards. These countries are particularly vulnerable because of their small populations, geographical isolation and dispersion, narrow export and production bases, lack of economies...

詳細記述

書誌詳細
団体著者: International Monetary Fund
フォーマット: 雑誌
言語:English
出版事項: Washington, D.C. : International Monetary Fund, 2013.
シリーズ:Policy Papers; Policy Paper ; No. 2013/009
オンライン・アクセス:Full text available on IMF
LEADER 02219cas a2200241 a 4500
001 AALejournalIMF020583
008 230101c9999 xx r poo 0 0eng d
020 |c 5.00 USD 
020 |z 9781498342285 
022 |a 2663-3493 
040 |a BD-DhAAL  |c BD-DhAAL 
110 2 |a International Monetary Fund. 
245 1 0 |a Asia and Pacific Small States :   |b Raising Potential Growth and Enhancing Resilience to Shocks. 
264 1 |a Washington, D.C. :  |b International Monetary Fund,  |c 2013. 
300 |a 1 online resource (27 pages) 
490 1 |a Policy Papers 
500 |a <strong>Off-Campus Access:</strong> No User ID or Password Required 
500 |a <strong>On-Campus Access:</strong> No User ID or Password Required 
506 |a Electronic access restricted to authorized BRAC University faculty, staff and students 
520 3 |a The small states of the Asia and Pacific region face unique challenges in raising their growth potential and living standards. These countries are particularly vulnerable because of their small populations, geographical isolation and dispersion, narrow export and production bases, lack of economies of scale, limited access to international capital markets, exposure to shocks (including climate change), and heavy reliance on aid. In providing public services, they face higher fixed government costs relative to other states because public services must be provided regardless of their small population size. Low access to credit by the private sector is an impediment to inclusive growth. Capacity constraints are another key challenge. The small states also face more limited policy tools. Five out of 13 countries do not have a central bank and the scope for diversifying their economies is narrow. Given their large development needs, fiscal policies have been, at times, pro-cyclical. Within the Asia-Pacific small states group, the micro states are subject to more vulnerability and macroeconomic volatility than the rest of the Asia-Pacific small states. 
538 |a Mode of access: Internet 
830 0 |a Policy Papers; Policy Paper ;  |v No. 2013/009 
856 4 0 |z Full text available on IMF  |u http://elibrary.imf.org/view/journals/007/2013/009/007.2013.issue-009-en.xml  |z IMF e-Library